Transformers MTMTE and LL Issues - Statistics

General Stats
  • This quiz has been taken 49 times
    45 since last reset
  • The average score is 16 of 85
Answer Stats
Issue # Answer % Correct
#1 Liars, A to D Part 1: How to Say Goodbye and Mean It
86%
#32 slaughterhouse
57%
#8 Scavengers (Part 2): Who's Afraid of the DJD?
50%
Holiday Special Silent Light
50%
#57 Last Light
43%
#6 Dissolution Part 6: This Machine Kills Fascists
36%
#10 Shadowplay Part 2: Patternism
36%
#48 Speak, Memory: Part 1
36%
#49 Speak, Memory! (Part 2)
36%
#54 The Dying of the Light Part 5: Rage, Rage
36%
#55 The Dying of the Light Part 6: Do Not Go Gentle
36%
#16 The Gloaming
36%
#5 How Ratchet Got His Hands Back
29%
#3 Liars, A to D Part 3: The Chaos of Warm Things
29%
#18 Remain in Light 2 of 5: House of Ambus
29%
#13 Sardines
29%
#45 Some of my Best Friends are Autobots
29%
#15 Under Cold Blue Stars
29%
#28 World, Shut Your Mouth Part 1: Towards Peace
29%
#30 World, Shut Your Mouth Part 3: Predestination: A Beginner's Guide
29%
#8 An Axe to Break the Ice
21%
#12 Before and After
21%
#34 Births, Deaths and Interventions
21%
#40 Chief Medical Officer Ratchet In: Our Steps Will Always Rhyme
21%
#13 Cybertronian Homesick Blues/Signal to Noise
21%
#2 Liars, A to D Part 2: Hangers On
21%
#4 Life After the Big Bang
21%
#17 Remain in Light 1 of 5: The Fecund Moon
21%
#33 slaughterhouse Part 2: The Road Not Taken
21%
#50 The Dying of the Light: (1) How Bright Their Frail Deeds/No Guns, No Swords, No Briefcases
21%
#53 The Dying of the Light Part 4: At Close of Day
21%
#15 The Scavengers In: Kill All 'Cons
21%
#7 After Megatron: A Dissolution Epilogue
14%
#46 Animals
14%
#23 Black Metal: Dark Cybertron Chapter 2
14%
#9 Chasing the Infinite
14%
#19 Crucible (Part 1): A Dance Before Dying
14%
#20 Crucible (Part 2): Lūstrāre
14%
#22 Crucible (Part 4): The Return of the King
14%
#24 Crucible (Part 6): A Spark Among Embers
14%
#2 Dissolution Part 2: Anomie
14%
#4 Dissolution Part 4: Bad Moon Rising
14%
#37 Elegant Chaos Part 2: Stet
14%
#38 Elegant Chaos Part 3: Predestination: An Expert's Guide
14%
#25 How to Say Goodbye and Mean It: Part 2
14%
#6 Interiors
14%
#22 Little Victories
14%
Annual 2012 Primus: You, Me and Other Revelations
14%
#19 Remain in Light 3 of 5: The Divided Self
14%
#20 Remain in Light 4 of 5: Arm the Lonely
14%
#7 Rules of Disengagement
14%
#35 The Custom-Made Now: An Elegant Chaos Prologue
14%
#16 The Everlasting Voices (1): Metastasis
14%
#18 The Everlasting Voices (3): You Are Here
14%
#47 The Lopsided Triangle
14%
#44 The Not Knowing
14%
#43 The One Where They Go To Earth
14%
#39 The Permanent Revolution
14%
#10 The Plotter's Club (Part 1): Full Circle
14%
#11 The Plotter's Club (Part 2): Filling In the Blanks
14%
#12 The Plotter's Club (Part 3): Journey's End
14%
#31 Twenty Plus One
14%
#29 World, Shut Your Mouth Part 2: Words Hang in the Air
14%
#26 Burning Bright: Dark Cybertron Chapter 8
7%
#21 Crucible (Part 3): Farsickness
7%
#23 Crucible (Part 5): The Unremembering
7%
#1 Dissolution Part 1: Some Other Cybertron
7%
#3 Dissolution Part 3: A World Misplaced
7%
#5 Dissolution Part 5: Modes of Production
7%
#36 Elegant Chaos Part 1: All Our Parlous Yesterdays
7%
#24 Into the Abyss: Dark Cybertron Chapter 4
7%
#25 No Exit: Dark Cybertron Chapter 6
7%
Revolution Nothing Will Ever Be The Same Again!
7%
#21 Remain in Light 5 of 5: This Calamitous Life/The Sound of Breaking Glass
7%
#14 Remembrance Day
7%
#11 Shadowplay Conclusion: An Intimate Beheading
7%
#9 Shadowplay Part 1: Post Hoc
7%
#56 Ten to Midnight
7%
#27 The Becoming: Dark Cybertron Chapter 10
7%
#51 The Dying of the Light Part 2: The Sun in Flight
7%
#52 The Dying of the Light Part 3: Your Fierce Tears
7%
#17 The Everlasting Voices (2): The God War
7%
#42 The Frail Gaze
7%
#14 The Scavengers In: The Ties That Bind
7%
#41 The Sensuous Frame
7%
No matching quizzes found
Score Distribution
Percent of People with Each Score
Percentile by Number Answered
Your Score History
You have not taken this quiz since the last reset